000
00280nam a2200109Ia 4500
008
200302s9999 xx 000 0 und d
100
_a
John Rahchman and Others
245
_a
Frank repas Architecture
260
_b
Design Media Publishing (UK) Ltd.,
260
_c
2014
300
_a
269
999
_c
7393
_d
7393